[Event "SB-2012-0-00244"]
[Site "LSS email"]
[Date "2012.08.12"]
[Round "?"]
[White "Taleno, David"]
[Black "Owens, Johnny"]
[Result "1-0"]
[WhiteElo "1902"]
[BlackElo "1971"]
[PlyCount "59"]
[EventDate "2012.07.22"]
[EventType "tourn (corr)"]
[EventRounds "6"]
[EventCountry "GER"]
[SourceTitle "Corr 2022"]
[Source "ChessBase"]
[SourceDate "2021.10.24"]
[SourceVersion "1"]
[SourceVersionDate "2021.10.24"]
[SourceQuality "1"]

1. e4 d5 2. exd5 Qxd5 3. Nc3 Qd6 4. d4 Nf6 5. Nf3 a6 6. g3 Bg4 7. h3 Bh5 8. Bg2 Nc6 9. 0-0 0-0-0 10. Bf4 Qb4 11. g4 Bg6 12. a3 Qb6 13. d5 Qxb2 14. dxc6 Rxd1 15. cxb7+ Qxb7 16. Rfxd1 Bxc2 17. Rd2 Qb2 18. Rad1 Qxc3 19. Rd8+ Kb7 20. Nd4+ Ne4 21. Rc1 g5 22. Nxc2 gxf4 23. Rb1+ Kc6 24. Nb4+ Kb5 25. Nd5+ Ka4 26. Nxc3+ Nxc3 27. Rbb8 f6 28. Bc6+ Nb5 29. Bxb5+ axb5 30. Rxf8 1-0

[Event "BI-2012-P-00004"]
[Site "LSS email"]
[Date "2012.04.20"]
[Round "?"]
[White "Taleno, David"]
[Black "Lund, Jens Dahlen"]
[Result "1-0"]
[WhiteElo "2000"]
[BlackElo "1825"]
[PlyCount "105"]
[EventDate "2012.04.22"]
[EventType "tourn (corr)"]
[EventRounds "10"]
[EventCountry "GER"]
[SourceTitle "Telechess CBM 165"]
[Source "ChessBase"]
[SourceDate "2015.03.11"]
[SourceVersion "1"]
[SourceVersionDate "2015.03.11"]
[SourceQuality "1"]

1. Nf3 Nf6 2. g3 d5 3. Bg2 c6 4. 0-0 Bg4 5. d3 Nbd7 6. Nbd2 e6 7. h3 Bh5 8. e4 Be7 9. Qe1 0-0 10. e5 Ne8 11. Nb3 Nc7 12. g4 Bg6 13. a4 c5 14. Qe2 Na6 15. Ne1 Nb4 16. f4 h5 17. gxh5 Bf5 18. Kh2 a5 19. Rg1 Kh8 20. Nd2 Qc7 21. h6 Rg8 22. hxg7+ Rxg7 23. c3 Nc6 24. Nf1 Rag8 25. Ne3 Bg6 26. Ng4 Rh7 27. Bf3 Bf5 28. Nf2 f6 29. Rxg8+ Kxg8 30. exf6 Nxf6 31. Kg1 Rg7+ 32. Bg4 Qd7 33. Kf1 Bd8 34. Bd2 d4 35. c4 e5 36. Bxf5 Qxf5 37. Qf3 Bc7 38. fxe5 Qxe5 39. Ng2 Rg3 40. Qf4 Rxg2 41. Qxe5 Rxf2+ 42. Kxf2 Nxe5 43. Rg1+ Kf7 44. Ke2 Bd8 45. Bf4 Nfd7 46. Rf1 Ke6 47. Bxe5 Kxe5 48. Rf7 Ke6 49. Rh7 b6 50. Rh6+ Bf6 51. h4 Kf7 52. Rh7+ Bg7 53. Rh5 1-0

[Event "BI-2012-P-00004"]
[Site "LSS email"]
[Date "2012.04.20"]
[Round "?"]
[White "Taleno, David"]
[Black "Szabo, Vilmos"]
[Result "1/2-1/2"]
[WhiteElo "2000"]
[BlackElo "2379"]
[PlyCount "63"]
[EventDate "2012.04.22"]
[EventType "tourn (corr)"]
[EventRounds "10"]
[EventCountry "GER"]
[SourceTitle "Telechess CBM 165"]
[Source "ChessBase"]
[SourceDate "2015.03.11"]
[SourceVersion "1"]
[SourceVersionDate "2015.03.11"]
[SourceQuality "1"]

1. d4 Nf6 2. c4 e6 3. Nf3 b6 4. g3 Ba6 5. b3 Bb4+ 6. Bd2 Be7 7. Bg2 c6 8. Bc3 0-0 9. 0-0 d5 10. Ne5 Bb7 11. Nd2 Qc7 12. e4 Nbd7 13. Nxd7 Qxd7 14. e5 Ne8 15. Qe2 a5 16. Rfd1 h6 17. Nf1 a4 18. Ne3 Nc7 19. Qc2 axb3 20. axb3 Rfb8 21. Qd2 c5 22. Rxa8 Bxa8 23. Qc2 dxc4 24. dxc5 cxb3 25. Rxd7 bxc2 26. Nxc2 Bxg2 27. Kxg2 Nd5 28. cxb6 Rxb6 29. Bd4 Rc6 30. Ne3 Nxe3+ 31. Bxe3 Bc5 32. Bd2 1/2-1/2

[Event "RB-2012-0-00164"]
[Site "LSS email"]
[Date "2012.01.24"]
[Round "?"]
[White "Herzog, Klaus"]
[Black "Taleno, David"]
[Result "1/2-1/2"]
[WhiteElo "1830"]
[BlackElo "1953"]
[PlyCount "33"]
[EventDate "2012.01.04"]
[EventType "tourn (corr)"]
[EventRounds "6"]
[EventCountry "GER"]
[SourceTitle "Corr 2015"]
[Source "ChessBase"]
[SourceDate "2015.07.17"]
[SourceVersion "1"]
[SourceVersionDate "2015.07.17"]
[SourceQuality "1"]

1. d4 Nf6 2. c4 e6 3. Nc3 Bb4 4. f3 d5 5. a3 Bxc3+ 6. bxc3 c5 7. cxd5 Nxd5 8. dxc5 Qa5 9. e4 Ne7 10. Be3 Qxc3+ 11. Kf2 Nbc6 12. Ne2 Qa5 13. Nd4 0-0 14. Be2 Rd8 15. Nxc6 Nxc6 16. Qb3 Nd4 17. Qb4 1/2-1/2

[Event "RB-2012-0-00164"]
[Site "LSS email"]
[Date "2012.01.24"]
[Round "?"]
[White "Taleno, David"]
[Black "De Waele, Willy"]
[Result "1/2-1/2"]
[WhiteElo "1953"]
[BlackElo "1969"]
[PlyCount "67"]
[EventDate "2012.01.04"]
[EventType "tourn (corr)"]
[EventRounds "6"]
[EventCountry "GER"]
[SourceTitle "Telechess CBM 155"]
[Source "ChessBase"]
[SourceDate "2013.07.16"]
[SourceVersion "1"]
[SourceVersionDate "2013.07.16"]
[SourceQuality "1"]

1. d4 d5 2. c4 c6 3. Nf3 Nf6 4. Nc3 e6 5. e3 Nbd7 6. Bd3 dxc4 7. Bxc4 b5 8. Bd3 Bb7 9. 0-0 a6 10. e4 c5 11. d5 Qc7 12. dxe6 fxe6 13. Bc2 c4 14. Qe2 Bd6 15. Nd4 Nc5 16. f4 e5 17. Nf5 0-0 18. Rd1 Nd3 19. Nxd6 Qxd6 20. Bxd3 cxd3 21. Rxd3 Qc7 22. fxe5 Qxe5 23. Be3 Nxe4 24. Bd4 Qf4 25. Nxe4 Bxe4 26. Rg3 Bg6 27. Qe6+ Rf7 28. Bc5 Qf5 29. Qxf5 Rxf5 30. Bb4 a5 31. Ra3 a4 32. Re3 Ra7 33. Rd1 h6 34. h3 1/2-1/2

[Event "RB-2012-0-00164"]
[Site "LSS email"]
[Date "2012.01.24"]
[Round "?"]
[White "Taleno, David"]
[Black "Mostowik, Daniel"]
[Result "1-0"]
[WhiteElo "1953"]
[BlackElo "1802"]
[PlyCount "59"]
[EventDate "2012.01.04"]
[EventType "tourn (corr)"]
[EventRounds "6"]
[EventCountry "GER"]
[SourceTitle "Telechess CBM 157"]
[Source "ChessBase"]
[SourceDate "2013.11.12"]
[SourceVersion "1"]
[SourceVersionDate "2013.11.12"]
[SourceQuality "1"]

1. d4 Nf6 2. c4 d6 3. Nc3 g6 4. g3 Bg7 5. Nf3 0-0 6. Bg2 c6 7. 0-0 Re8 8. h3 Nbd7 9. Qb3 Qb6 10. Rd1 Qa6 11. a4 Nb6 12. Nd2 d5 13. cxd5 Nfxd5 14. e4 Nxc3 15. bxc3 Be6 16. Qc2 Qa5 17. Nb3 Bxb3 18. Qxb3 Rad8 19. Bd2 Rd7 20. e5 Red8 21. c4 Qa6 22. Bf1 c5 23. Bc3 Nc8 24. dxc5 Qc6 25. Rxd7 Rxd7 26. Rd1 Rxd1 27. Qxd1 e6 28. Qd8+ Bf8 29. Bd2 Ne7 30. Be3 1-0

[Event "RB-2012-0-00164"]
[Site "LSS email"]
[Date "2012.01.22"]
[Round "?"]
[White "Morcin, Tom"]
[Black "Taleno, David"]
[Result "1/2-1/2"]
[WhiteElo "1999"]
[BlackElo "1953"]
[PlyCount "145"]
[EventDate "2012.01.04"]
[EventType "tourn (corr)"]
[EventRounds "6"]
[EventCountry "GER"]
[SourceTitle "Telechess CBM 155"]
[Source "ChessBase"]
[SourceDate "2013.07.16"]
[SourceVersion "1"]
[SourceVersionDate "2013.07.16"]
[SourceQuality "1"]

1. d4 Nf6 2. c4 e6 3. Nf3 b6 4. g3 Bb7 5. Bg2 Be7 6. 0-0 0-0 7. Nc3 Ne4 8. Qc2 Nxc3 9. Qxc3 c5 10. Rd1 d6 11. b3 Bf6 12. Bb2 Qe7 13. Qc2 Nc6 14. e4 Nxd4 15. Nxd4 Bxd4 16. Bxd4 cxd4 17. Rxd4 Rfd8 18. Rad1 e5 19. R4d3 Rd7 20. Qd2 Rad8 21. f3 Qe6 22. h4 g6 23. Qh6 Bc8 24. h5 Qf6 25. hxg6 fxg6 26. a4 Rc7 27. Qd2 Rc6 28. f4 Bg4 29. Rf1 Rc5 30. f5 gxf5 31. exf5 Kh8 32. Rf2 Rc7 33. Be4 Rc5 34. Bd5 h5 35. Be6 e4 36. Rd4 Re5 37. Qe3 Bf3 38. Rfd2 Rxe6 39. fxe6 Rg8 40. e7 Rxg3+ 41. Kf2 Rg8 42. Ke1 Re8 43. Rxd6 Qh4+ 44. Rf2 Qh1+ 45. Rf1 Qh4+ 46. Qf2 Qf4 47. Qd4+ Kh7 48. Rxf3 Qxf3 49. Re6 a5 50. Re5 Qh1+ 51. Kd2 Qh4 52. Rxe4 Qg5+ 53. Qe3 Qxe3+ 54. Kxe3 Kg6 55. Re6+ Kf5 56. Rxb6 Rxe7+ 57. Kf3 h4 58. Rb5+ Kg6 59. Kf4 Rd7 60. Rg5+ Kf6 61. Rxa5 Rd3 62. Rh5 h3 63. Ke4 Rxb3 64. a5 Ra3 65. a6 Kg6 66. Rh8 Rxa6 67. Rxh3 Kf7 68. Kd5 Ke7 69. Rh7+ Ke8 70. c5 Kd8 71. Rb7 Rf6 72. c6 Rf1 73. Ra7 1/2-1/2

[Event "SB-2012-0-00207"]
[Site "LSS email"]
[Date "2012.01.22"]
[Round "?"]
[White "Varend, Erik"]
[Black "Taleno, David"]
[Result "0-1"]
[WhiteElo "1864"]
[BlackElo "1991"]
[PlyCount "47"]
[EventDate "2012.01.09"]
[EventType "tourn (corr)"]
[EventRounds "6"]
[EventCountry "GER"]
[SourceTitle "Telechess CBM 165"]
[Source "ChessBase"]
[SourceDate "2015.03.11"]
[SourceVersion "1"]
[SourceVersionDate "2015.03.11"]
[SourceQuality "1"]

1. c4 Nf6 2. d4 e6 3. Nf3 Bb4+ 4. Nc3 d5 5. Bg5 h6 6. Bxf6 Qxf6 7. e3 0-0 8. Rc1 dxc4 9. Bxc4 c5 10. dxc5 Bxc5 11. 0-0 Rd8 12. Qc2 Bf8 13. Rfd1 Nc6 14. Ne4 Qe7 15. Rxd8 Qxd8 16. Bb3 Bd7 17. Rd1 Rc8 18. h3 a6 19. Nd6 Bxd6 20. Qd3 Ne5 21. Qxd6 Nxf3+ 22. gxf3 Qg5+ 23. Kh2 Be8 24. f4 0-1

[Event "RB-2011-0-00163"]
[Site "LSS email"]
[Date "2012.01.18"]
[Round "?"]
[White "Taleno, David"]
[Black "Koehler, Josef"]
[Result "1/2-1/2"]
[WhiteElo "1957"]
[BlackElo "2112"]
[PlyCount "75"]
[EventDate "2011.12.28"]
[EventType "tourn (corr)"]
[EventRounds "6"]
[EventCountry "GER"]
[SourceTitle "Telechess CBM 153"]
[Source "ChessBase"]
[SourceDate "2013.03.14"]
[SourceVersion "1"]
[SourceVersionDate "2013.03.14"]
[SourceQuality "1"]

1. e4 c6 2. Nf3 d5 3. Nc3 Bg4 4. h3 Bxf3 5. Qxf3 e6 6. d4 Nf6 7. Bd3 dxe4 8. Nxe4 Nxe4 9. Qxe4 Nd7 10. c3 Nf6 11. Qe2 Qd5 12. 0-0 Bd6 13. g3 0-0 14. Be3 Bc7 15. Rfd1 Rfe8 16. a4 Qd8 17. Bc2 a5 18. c4 h6 19. Ra3 Re7 20. Rb3 Bb6 21. c5 Ba7 22. Bf4 Bb8 23. Bd2 Rd7 24. Bc3 Ba7 25. Qc4 Qc7 26. Qe2 Rd5 27. Qf1 Rc8 28. Qe2 Rcd8 29. Kg2 R8d7 30. Qf1 Qd8 31. Re1 Qc7 32. Rd1 Kh8 33. Qe2 Qd8 34. Rc1 Kg8 35. Qf1 Qc7 36. Qc4 Bb8 37. Rd1 Qd8 38. Qe2 1/2-1/2

[Event "RB-2011-0-00163"]
[Site "LSS email"]
[Date "2012.01.17"]
[Round "?"]
[White "Taleno, David"]
[Black "Tarmak, Mart"]
[Result "1/2-1/2"]
[WhiteElo "1957"]
[BlackElo "1940"]
[PlyCount "62"]
[EventDate "2011.12.28"]
[EventType "tourn (corr)"]
[EventRounds "6"]
[EventCountry "GER"]
[SourceTitle "Telechess CBM 153"]
[Source "ChessBase"]
[SourceDate "2013.03.14"]
[SourceVersion "1"]
[SourceVersionDate "2013.03.14"]
[SourceQuality "1"]

1. d4 d6 2. c4 e5 3. dxe5 dxe5 4. Qxd8+ Kxd8 5. Nf3 f6 6. Nc3 Be6 7. e4 Nd7 8. Be2 Bb4 9. Bd2 Ne7 10. Rd1 c6 11. 0-0 Nc8 12. a3 Be7 13. Be3 Kc7 14. b4 a5 15. c5 axb4 16. axb4 Ra3 17. Rc1 Rb3 18. Bd2 b6 19. Bd1 Rb2 20. Na4 Ra2 21. cxb6+ Ncxb6 22. Nc3 Rb2 23. Na4 Nxa4 24. Bxa4 Nb8 25. Rb1 Rxb1 26. Rxb1 Bc4 27. b5 cxb5 28. Bxb5 Bxb5 29. Rxb5 Nc6 30. Kf1 Ra8 31. Be3 Bb4 1/2-1/2

[Event "RB-2011-0-00149"]
[Site "LSS email"]
[Date "2011.11.12"]
[Round "?"]
[White "Taleno, David"]
[Black "Massie, James"]
[Result "1/2-1/2"]
[WhiteElo "1905"]
[BlackElo "1915"]
[PlyCount "124"]
[EventDate "2011.10.28"]
[EventType "tourn (corr)"]
[EventRounds "6"]
[EventCountry "GER"]
[SourceTitle "Telechess CBM 157"]
[Source "ChessBase"]
[SourceDate "2013.11.12"]
[SourceVersion "1"]
[SourceVersionDate "2013.11.12"]
[SourceQuality "1"]

1. e4 c5 2. Nf3 d6 3. d4 cxd4 4. Nxd4 Nf6 5. Nc3 Nc6 6. Bg5 e6 7. Qd2 Be7 8. 0-0-0 0-0 9. f4 h6 10. Bh4 e5 11. Nf5 Bxf5 12. exf5 exf4 13. Kb1 d5 14. Bxf6 Bxf6 15. Nxd5 Be5 16. f6 Bxf6 17. Qxf4 Be5 18. Qf3 Qd6 19. c3 Rad8 20. Bc4 Na5 21. Bd3 g6 22. Bc2 Qe6 23. Rhe1 Rd6 24. Qe4 Nc6 25. Bb3 Rfd8 26. Ne3 Rxd1+ 27. Nxd1 Qd6 28. Rf1 Rf8 29. Ne3 Kg7 30. Rd1 Qe7 31. Nd5 Qc5 32. Nf4 Qe7 33. Nd5 Qc5 34. Nf4 Qe7 35. g3 Rd8 36. Rxd8 Nxd8 37. a3 Bf6 38. Qg2 b6 39. Nd5 Qd6 40. Nb4 h5 41. Qf3 h4 42. Nd5 Nc6 43. Qxf6+ Qxf6 44. Nxf6 Kxf6 45. gxh4 Ne5 46. Bd1 Kf5 47. h5 gxh5 48. Bxh5 Kf4 49. Kc2 f5 50. Kd2 Nc4+ 51. Kc2 Ke3 52. h4 Ne5 53. Be8 f4 54. h5 Ng4 55. Bc6 f3 56. Bxf3 Kxf3 57. Kb3 a6 58. c4 Kf4 59. c5 bxc5 60. Kc4 Kg5 61. Kxc5 Ne5 62. b3 Kxh5 1/2-1/2

[Event "RB-2011-0-00149"]
[Site "LSS email"]
[Date "2011.11.10"]
[Round "?"]
[White "Taleno, David"]
[Black "Sherwood, Russell"]
[Result "1/2-1/2"]
[WhiteElo "1905"]
[BlackElo "2081"]
[PlyCount "98"]
[EventDate "2011.10.28"]
[EventType "tourn (corr)"]
[EventRounds "6"]
[EventCountry "GER"]
[SourceTitle "Telechess CBM 157"]
[Source "ChessBase"]
[SourceDate "2013.11.12"]
[SourceVersion "1"]
[SourceVersionDate "2013.11.12"]
[SourceQuality "1"]

1. e4 c5 2. Nf3 g6 3. d4 cxd4 4. Nxd4 Nf6 5. Nc3 d6 6. Be3 Bg7 7. f3 0-0 8. Qd2 a6 9. 0-0-0 Bd7 10. g4 Nc6 11. Kb1 Rb8 12. h4 h5 13. Nd5 hxg4 14. Nxf6+ Bxf6 15. h5 Qa5 16. Nxc6 Qxd2 17. Nxe7+ Bxe7 18. Rxd2 b5 19. fxg4 Bxg4 20. hxg6 fxg6 21. Rg1 Bh5 22. Rd5 Bf3 23. Bh6 Rf7 24. Bd3 Rh7 25. Bf4 Kf7 26. Bxd6 Rd8 27. Bxe7 Rxd5 28. exd5 Kxe7 29. b3 Bxd5 30. Rxg6 Rh1+ 31. Kb2 Be6 32. Rg7+ Kd6 33. a3 Rh4 34. Rg6 Ke7 35. Kc3 Kd7 36. Rg7+ Kd6 37. Ra7 Bc8 38. Rh7 Rf4 39. Kd2 Rf6 40. Ke3 Bd7 41. b4 Kc6 42. Be4+ Kd6 43. Rg7 Bc6 44. Rg6 Rxg6 45. Bxg6 Kc7 46. Be4 Be8 47. Kf4 Kb6 48. Ke5 a5 49. Bf3 Bd7 1/2-1/2

[Event "OP-2011-0-01796"]
[Site "LSS email"]
[Date "2011.09.30"]
[Round "?"]
[White "Lauer, Fredric"]
[Black "Taleno, David"]
[Result "0-1"]
[WhiteElo "1032"]
[BlackElo "1905"]
[PlyCount "42"]
[EventDate "2011.09.27"]
[EventType "tourn (corr)"]
[EventRounds "4"]
[EventCountry "GER"]
[SourceTitle "Telechess CBM 157"]
[Source "ChessBase"]
[SourceDate "2013.11.12"]
[SourceVersion "1"]
[SourceVersionDate "2013.11.12"]
[SourceQuality "1"]

1. e4 c5 2. c3 d5 3. exd5 Qxd5 4. d4 Nf6 5. Nf3 e6 6. Bb5+ Bd7 7. Bxd7+ Nbxd7 8. 0-0 Bd6 9. dxc5 Qxc5 10. Be3 Qc7 11. Nbd2 Ng4 12. h3 Nxe3 13. fxe3 0-0 14. Ne4 Be7 15. Nf2 Rad8 16. Qb3 Nb6 17. Rad1 Nc4 18. Rxd8 Rxd8 19. e4 Bc5 20. Kh1 Ne3 21. Re1 Qg3 0-1

[Event "OP-2011-0-01796"]
[Site "LSS email"]
[Date "2011.09.30"]
[Round "?"]
[White "Taleno, David"]
[Black "Herzog, Klaus"]
[Result "1/2-1/2"]
[WhiteElo "1905"]
[BlackElo "1789"]
[PlyCount "46"]
[EventDate "2011.09.27"]
[EventType "tourn (corr)"]
[EventRounds "4"]
[EventCountry "GER"]
[SourceTitle "Telechess CBM 157"]
[Source "ChessBase"]
[SourceDate "2013.11.12"]
[SourceVersion "1"]
[SourceVersionDate "2013.11.12"]
[SourceQuality "1"]

1. d4 Nf6 2. c4 g6 3. Nf3 Bg7 4. g3 0-0 5. Bg2 d5 6. 0-0 dxc4 7. Na3 c3 8. bxc3 c5 9. e3 Nc6 10. Bb2 Bf5 11. Qe2 e5 12. Nxe5 Nxe5 13. dxe5 Bd3 14. Qe1 Nd7 15. f4 Bxf1 16. Qxf1 Nb6 17. Rd1 Qe7 18. Nc4 Rad8 19. Nd6 Qe6 20. Bxb7 Qxa2 21. Qb5 f6 22. c4 Na4 23. Bd5+ Kh8 1/2-1/2

[Event "LSS RM-2009-0-00037"]
[Site "LSS email"]
[Date "2009.10.19"]
[Round "?"]
[White "Taleno, David"]
[Black "Felicio, Clairton"]
[Result "0-1"]
[WhiteElo "2317"]
[BlackElo "2304"]
[PlyCount "36"]
[EventDate "2009.08.14"]
[EventType "tourn (corr)"]
[EventRounds "6"]
[EventCountry "GER"]
[SourceTitle "Telechess CBM 137"]
[Source "ChessBase"]
[SourceDate "2010.07.15"]
[SourceVersion "1"]
[SourceVersionDate "2010.07.15"]
[SourceQuality "1"]

1. Nf3 c5 2. e4 Nc6 3. d4 cxd4 4. Nxd4 Nf6 5. Nc3 d6 6. Be2 e5 7. Nb3 Be7 8. 0-0 0-0 9. Bf3 a5 10. Be3 a4 11. Nd2 Be6 12. Nd5 Bxd5 13. exd5 Nb4 14. c4 Nd7 15. c5 Nxc5 16. Bxc5 dxc5 17. Nc4 Bd6 18. Qe2 f5 0-1

[Event "LSS RM-2009-0-00037"]
[Site "LSS email"]
[Date "2009.10.19"]
[Round "?"]
[White "Wosch, Arkadiusz Janusz"]
[Black "Taleno, David"]
[Result "1-0"]
[WhiteElo "2236"]
[BlackElo "1817"]
[PlyCount "33"]
[EventDate "2009.08.14"]
[EventType "tourn (corr)"]
[EventRounds "6"]
[EventCountry "GER"]
[SourceTitle "Corr 2013"]
[Source "ChessBase"]
[SourceDate "2012.11.12"]
[SourceVersion "1"]
[SourceVersionDate "2012.11.12"]
[SourceQuality "1"]

1. e4 e6 2. d4 d5 3. Nc3 Bb4 4. e5 c5 5. a3 Bxc3+ 6. bxc3 Ne7 7. Qg4 0-0 8. Bd3 c4 9. Bh6 Ng6 10. Bxg6 fxg6 11. Be3 Nc6 12. h4 Qb6 13. Ne2 Rf5 14. Ng3 Rf7 15. h5 gxh5 16. Nxh5 Kf8 17. Nxg7 1-0

[Event "LSS CP-2009-P-00046"]
[Site "LSS email"]
[Date "2009.09.27"]
[Round "?"]
[White "Bulgarini Torre, Marco"]
[Black "Taleno, David"]
[Result "1-0"]
[WhiteElo "2068"]
[BlackElo "1817"]
[PlyCount "25"]
[EventDate "2009.10.01"]
[EventType "tourn (corr)"]
[EventRounds "6"]
[EventCountry "GER"]
[SourceTitle "Corr 2013"]
[Source "ChessBase"]
[SourceDate "2012.11.12"]
[SourceVersion "1"]
[SourceVersionDate "2012.11.12"]
[SourceQuality "1"]
[WhiteTeam "US of America"]
[BlackTeam "US of America"]
[WhiteTeamCountry "USA"]
[BlackTeamCountry "USA"]

1. e4 e6 2. d4 d5 3. Nd2 c5 4. Ngf3 Nc6 5. Bb5 cxd4 6. Nxd4 Bd7 7. Nxc6 Bxc6 8. Bxc6+ bxc6 9. c4 Nf6 10. Qa4 Qc7 11. cxd5 exd5 12. 0-0 Be7 13. b3 1-0

[Event "LSS CP-2009-P-00046"]
[Site "LSS email"]
[Date "2009.09.27"]
[Round "?"]
[White "Taleno, David"]
[Black "Jordaan, Wayne"]
[Result "0-1"]
[WhiteElo "1817"]
[BlackElo "1790"]
[PlyCount "30"]
[EventDate "2009.10.01"]
[EventType "tourn (corr)"]
[EventRounds "6"]
[EventCountry "GER"]
[SourceTitle "Corr 2013"]
[Source "ChessBase"]
[SourceDate "2012.11.12"]
[SourceVersion "1"]
[SourceVersionDate "2012.11.12"]
[SourceQuality "1"]
[WhiteTeam "US of America"]
[BlackTeam "US of America"]
[WhiteTeamCountry "USA"]
[BlackTeamCountry "USA"]

1. d4 d5 2. Nf3 Nf6 3. c4 e6 4. Nc3 Be7 5. Bg5 h6 6. Bh4 0-0 7. e3 b6 8. Bd3 Bb7 9. 0-0 Nbd7 10. cxd5 Nxd5 11. Nxd5 Bxd5 12. Bg3 c5 13. Rc1 Nf6 14. Ne5 Bb7 15. Qa4 cxd4 0-1